Рост продолжительности жизни как основа реализации ресурсного потенциала человека; Информационные технологии в науке, управлении, социальной сфере и медицине

Bibliografiske detaljer
Parent link:Информационные технологии в науке, управлении, социальной сфере и медицине.— 2019.— [598-603]
Hovedforfatter: Шибалков И. П.
Institution som forfatter: Национальный исследовательский Томский политехнический университет
Summary:Заглавие с титульного экрана
In the study conducted factor and cluster analysis of socio-economic indicators of the regions and life expectancy of the population allowed to identify a number of statistical regularities based on which the subjects of the Russian Federation with similar patterns of demographic development were combined into several groups: the Russian forwards; catch-up; azitromicina; depressing. It is proved that the formed set of measures differentiated by groups of socio-economic factors that affect the life expectancy of the population, and the etiology of the causes of death for similar groups of subjects of the Russian Federation, will improve the effectiveness of government measures in this area.
Sprog:russisk
Udgivet: 2019
Serier:Институты реализации ресурсного потенциала человека в цифровой экономике
Fag:
Online adgang:http://earchive.tpu.ru/handle/11683/57440
Format: MixedMaterials Electronisk Book Chapter
KOHA link:https://koha.lib.tpu.ru/cgi-bin/koha/opac-detail.pl?biblionumber=630760

MARC

LEADER 00000naa2a2200000 4500
001 630760
005 20231102024502.0
035 |a (RuTPU)RU\TPU\conf\32099 
035 |a RU\TPU\conf\32098 
090 |a 630760 
100 |a 20191225d2019 k y0rusy50 ca 
101 0 |a rus  |d eng 
102 |a RU 
105 |a y z 101zy 
135 |a drgn ---uucaa 
181 0 |a i  
182 0 |a b 
200 1 |a Рост продолжительности жизни как основа реализации ресурсного потенциала человека  |d Life expectancy growth as the basis for the human resource potential implementation  |f И. П. Шибалков 
203 |a Текст  |c электронный 
225 1 |a Институты реализации ресурсного потенциала человека в цифровой экономике 
230 |a 1 компьютерный файл (pdf; 405 Kb) 
300 |a Заглавие с титульного экрана 
330 |a In the study conducted factor and cluster analysis of socio-economic indicators of the regions and life expectancy of the population allowed to identify a number of statistical regularities based on which the subjects of the Russian Federation with similar patterns of demographic development were combined into several groups: the Russian forwards; catch-up; azitromicina; depressing. It is proved that the formed set of measures differentiated by groups of socio-economic factors that affect the life expectancy of the population, and the etiology of the causes of death for similar groups of subjects of the Russian Federation, will improve the effectiveness of government measures in this area. 
463 1 |0 (RuTPU)RU\TPU\conf\31887  |t Информационные технологии в науке, управлении, социальной сфере и медицине  |o сборник научных трудов VI Международной конференции, 14-19 октября 2019 г., Томск  |f Национальный исследовательский Томский политехнический университет (ТПУ) ; ред. кол. О. Г. Берестнева [и др.]  |v [598-603]  |d 2019 
510 1 |a Life expectancy growth as the basis for the human resource potential implementation  |z eng 
610 1 |a электронные ресурсы 
610 1 |a труды учёных ТПУ 
610 1 |a demography 
610 1 |a epidemiological transition 
610 1 |a regional socio-economic policy 
610 1 |a mortality 
610 1 |a life expectancy 
610 1 |a демография 
610 1 |a социально-экономическая политика 
610 1 |a продолжительность жизни 
610 1 |a ресурсный потенциал 
700 1 |a Шибалков  |b И. П. 
712 0 2 |a Национальный исследовательский Томский политехнический университет  |c (2009- )  |2 stltpush  |3 (RuTPU)RU\TPU\col\15902  |9 26305 
801 2 |a RU  |b 63413507  |c 20200121  |g RCR 
856 4 |u http://earchive.tpu.ru/handle/11683/57440 
942 |c BK